90 años de metro en Madrid (Record no. 181013)
[ view plain ]
| 000 -LEADER | |
|---|---|
| campo de control de longitud fija | 01237nam a2200313 i 4500 |
| 001 - NÚMERO DE CONTROL | |
| campo de control | 181013 |
| 003 - IDENTIFICADOR DE NÚMERO DE CONTROL | |
| campo de control | ES-MaACL |
| 005 - FECHA Y HORA DE LA ÚLTIMA TRANSACCIÓN | |
| campo de control | 20250617190946.0 |
| 008 - DATOS DE LONGITUD FIJA--INFORMACIÓN GENERAL | |
| campo de control de longitud fija | 121001s2010 sp aceo |||| | spa d |
| 020 ## - NÚMERO INTERNACIONAL ESTÁNDAR DEL LIBRO | |
| Número Internacional Estándar del Libro | 978-84-9873-089-0 |
| 080 ## - NÚMERO DE LA CLASIFICACIÓN DECIMAL UNIVERSAL | |
| Número de la Clasificación Decimal Universal | 656.342:061.5(460.27 M.) |
| 245 00 - MENCIÓN DEL TÍTULO | |
| Título | 90 años de metro en Madrid |
| Resto del título | : de Cuatro Caminos a Hospital del Henares / |
| Mención de responsabilidad, etc. | César Mohedas, Juan C. Zamorano, Jaime Touzón ... [et al.]. |
| 246 3# - FORMA VARIANTE DEL TITULO | |
| Título propio/Titulo breve | Noventa años de metro en Madrid |
| 250 ## - MENCION DE EDICION | |
| Mención de edición | 1ª ed. |
| 260 ## - PUBLICACIÓN, DISTRIBUCIÓN, ETC. | |
| Lugar de publicación, distribución, etc. | Madrid : |
| Nombre del editor, distribuidor, etc. | La Librería, |
| Fecha de publicación, distribución, etc. | 2010. |
| 300 ## - DESCRIPCIÓN FÍSICA | |
| Extensión | 96 p. : |
| Otras características físicas | il. col. y n., fot., planos ; |
| Dimensiones | 35 cm. |
| 504 ## - NOTA DE BIBLIOGRAFÍA, ETC. | |
| Nota de bibliografía, etc. | Bibliografía: p. 96. |
| 505 8# - NOTA DE CONTENIDO CON FORMATO | |
| Nota de contenido con formato | Contiene: Prólogo ; |
| Título | Metro de Madrid, la ciudad por dentro / |
| Mención de responsabilidad | por Ángel del Río |
| 610 27 - PUNTO DE ACCESO ADICIONAL DE MATERIA--NOMBRE DE ENTIDAD CORPORATIVA | |
| Nombre de entidad corporativa o nombre de jurisdicción como elemento de entrada | Metro de Madrid. |
| 9 (RLIN) | 151507 |
| 700 1# - ENTRADA AGREGADA--NOMBRE PERSONAL | |
| Nombre de persona | Mohedas García, César. |
| 9 (RLIN) | 151508 |
| 700 1# - ENTRADA AGREGADA--NOMBRE PERSONAL | |
| Nombre de persona | Zamorano Guzmán, Juan Carlos. |
| 9 (RLIN) | 151509 |
| 700 1# - ENTRADA AGREGADA--NOMBRE PERSONAL | |
| Nombre de persona | Touzón Menéndez, José Jaime. |
| 9 (RLIN) | 151510 |
| 700 1# - ENTRADA AGREGADA--NOMBRE PERSONAL | |
| Nombre de persona | Río López, Ángel del, |
| Fechas asociadas al nombre | 1950-2022 |
| 9 (RLIN) | 97330 |
| 740 0# - ENTRADA AGREGADA--TÍTULO RELACIONADO/ANALÍTICO NO CONTROLADO | |
| Título relacionado o analítico no controlado | Metro de Madrid, la ciudad por dentro. |
| 852 ## - LOCALIZACIÓN | |
| Ubicación | ES-MaACL |
| itemnumber | 187894 |
| Sublocalización o colección | R.148451 |
| Número de control de estantería | A-12231 |
| Signatura antigua | Olim N-5236 |
| Ubicación en estantería | Depósito 1 |
| 942 ## - ELEMENTOS DE ENTRADA SECUNDARIOS (KOHA) | |
| Fuente del sistema de clasificación o colocación | Clasificación decimal universal |
| Tipo de ítem Koha | Libro impreso |
| Estatus retirado | Estado de pérdida | Fuente del sistema de clasificación o colocación | Estado de daño | No para préstamo | Biblioteca de origen | Biblioteca actual | Ubicación en estantería | Fecha de adquisición | Fuente de adquisición | Total de préstamos | Signatura topográfica completa | Código de barras | Visto por última vez | Precio de reemplazo | Tipo de ítem Koha |
|---|---|---|---|---|---|---|---|---|---|---|---|---|---|---|---|
| Clasificación decimal universal | Biblioteca del Ateneo de Madrid | Biblioteca del Ateneo de Madrid | Depósito 1 | 01/10/2012 | Compra | A-12231 | 1190220 | 23/02/2023 | 23/02/2023 | Libro impreso |
